000 00364nam a2200133Ia 4500
005 20260328101530.0
008 260328s9999||||xx |||||||||||||| ||und||
100 _aHernández Garcia, Iliana
245 0 _aEstÉtica de la habitabilidad y Nuevas tecnologias /
_cIliana Hernández Garcia
260 _bCeja
300 _a152 p.
650 _aARQUITECTURA
942 _cBK
999 _c9936
_d9936